Loading...
| History - American History | 0 | 3 | 0 | 1 | 30 | 50 | 92.00 | 1 | 2 |
| Mythology | 0 | 3 | 0 | 1 | 30 | 62 | 102.00 | 1 | 1 |
| Literature - American Literature | 0 | 2 | 0 | 0 | 20 | 67 | 103.50 | 0 | 2 |
| Literature - European Literature | 0 | 2 | 0 | 1 | 20 | 69 | 82.50 | 0 | 1 |
| Fine Arts - Classical Music | 0 | 1 | 0 | 1 | 10 | 128 | 128.00 | 0 | 0 |
| Geography/Current Events | 0 | 1 | 0 | 1 | 10 | 133 | 133.00 | 0 | 0 |
| History - European History | 0 | 1 | 0 | 0 | 10 | 63 | 63.00 | 0 | 1 |
| History - Other History | 0 | 1 | 0 | 0 | 10 | 53 | 53.00 | 1 | 1 |
| Social Science | 0 | 1 | 0 | 0 | 10 | 22 | 22.00 | 1 | 1 |
| Pop Culture | 0 | 1 | 0 | 0 | 10 | 94 | 94.00 | 0 | 0 |
| History - World History | 0 | 0 | 1 | 0 | -5 | 0.00 | 0 | 0 |